| 000 | 01048cam a2200289 a 4500 | ||
|---|---|---|---|
| 001 | 15646572 | ||
| 005 | 20201128021203.0 | ||
| 008 | 090304s2009 xxk frb f001 0 eng d | ||
| 010 | _a2009009499 | ||
| 020 | _a9780199215522 | ||
| 020 | _a0199215529 | ||
| 040 |
_aDLC _cDLC _dBTCTA _dBAKER _dYDXCP _dUKM _dBWKUK _dBWK _dBWX _dOCLCA _dDLC _dEG-ScBUE |
||
| 082 | 0 | 0 |
_a320.0922 _222 _bPOL |
| 245 | 0 | 0 |
_aPolitical thinkers : _bfrom Socrates to the present / _cedited by David Boucher and Paul Kelly. |
| 250 | _a2nd ed. | ||
| 260 |
_aOxford, United Kingdom ; _aNew York, United States : _bOxford University Press, _c2009. |
||
| 300 |
_axx, 642 p. ; _c25 cm. |
||
| 500 | _aIndex : p. 597-642. | ||
| 504 | _aIncludes bibliographical references. | ||
| 650 | 0 |
_aPolitical science _xHistory _99516 |
|
| 650 | 0 |
_aPolitical Science _9684 _vPhilosophy |
|
| 653 |
_bBUSBOL _cJanuary2015 |
||
| 655 |
_vreading book _934232 |
||
| 700 | 1 |
_aBoucher, David, _d1951- _937261 _eeditor. |
|
| 700 | 1 |
_aKelly, P. J. _q(Paul Joseph) _937262 _eeditor. |
|
| 942 |
_2ddc _k320.0922 POL |
||
| 999 |
_c18908 _d18880 |
||